Compositions France - Suisse Euro 2020 - Statistiques

Statistiques générales
  • Ce quiz a été pris 270 fois
    241 depuis la dernière actualisation
  • Le résultat moyen est 19 sur 34
Statistiques - réponses
Hint Réponse % Correct
G Lloris
97%
BU Mbappe
97%
MC Pogba
94%
MOC Griezmann
93%
DC Varane
92%
BU Benzema
91%
MC Kanté
88%
G Sommer
88%
Coach Deschamps
87%
DLD Pavard
86%
MG Coman
83%
BU Giroud
83%
MC Xhaka
71%
MOC Shaqiri
63%
DC Kimpembe
61%
DLG Rabiot
60%
DC Akanji
57%
BU Embolo
52%
DC Lenglet
52%
DC Rodriguez
50%
BU Seferovic
50%
BU Thuram
48%
DC Schar
34%
MC Sissoko
33%
MG Vargas
30%
Coach Petkovic
27%
MC Freuler
26%
DC Elvedi
23%
DD Mbabu
23%
BU Gavranovic
19%
DLG Zuber
19%
DLD Widmer
17%
BU Mehmedi
9%
MD Fassnacht
7%
Aucun quiz correspondant
Distribution des résultats
% des personnes avec chaque résultat
Percentile par nombre de réponses
Votre historique - résultats
Vous n’avez pas pris ce quiz depuis la dernière actualisation